000 00435nam a2200169Ia 4500
003 LK-CoDNM
008 010623t1920 xxu||||| |||| 00| 1 eng d
040 _aLK-CoDNM
_dLK-CoDNM
_eLK-CoDNM
041 _aeng
080 _a50
_bC7
245 _aTest Match Cricket in Ceylon : Europeans vs Ceylonese
260 _bIndependent Press
_aColombo
_c1920
300 _b5P,2ill., 20 cm
650 _aReports
650 _aSports
942 _cBK
999 _c90049
_d90049